Landlord’s works liability remedies and risk. (Record no. 121104)

MARC details
000 -LEADER
fixed length control field 01221nam a2200241 4500
001 - CONTROL NUMBER
control field K121104
007 - PHYSICAL DESCRIPTION FIXED FIELD--GENERAL INFORMATION
fixed length control field ta
008 - FIXED-LENGTH DATA ELEMENTS--GENERAL INFORMATION
fixed length control field 190823b2019 ||||| |||| 00| 0 eng d
041 ## - LANGUAGE CODE
Language code of text/sound track or separate title eng
100 ## - MAIN ENTRY--PERSONAL NAME
Personal author Davies, Helena
245 ## - TITLE STATEMENT
Title Landlord’s works liability remedies and risk.
490 ## - SERIES TITLE
Series statement Estates Gazette
Volume (1931) 3 August 2019, 52-53(2)
520 ## - ABSTRACT
Abstract Reviews landlord responsibility for safety of buildings in the light of Grenfell and other high-profile cases These include Blue Manchester Ltd v North West Grounds Rents Ltd [2019] EWHC 142 (TCC) concerning stability and aesthetics of its fully glazed external elevations,“Firstport Property Services Ltd v. Various leaseholders of Citiscape LON/OOAH.LSC/2017/0435 replacement cladding and Timothy Taylor Ltd v Mayfair House Corporation [2016] EWHC 1075 (Ch) just disturbance to tenants..
650 ## - KEYWORDS
Keywords Grenfell
650 ## - KEYWORDS
Keywords Blue Manchester Ltd v North West Grounds Rents Ltd
650 ## - KEYWORDS
Keywords Repairs
650 ## - KEYWORDS
Keywords Firstport Property Services Ltd v Various leaseholders of Citiscape
650 ## - KEYWORDS
Keywords Timothy Taylor Ltd v Mayfair House Corporation
651 ## - SUBJECT ADDED ENTRY--GEOGRAPHIC NAME
Geographic name United Kingdom 1973
690 ## - LOCAL SUBJECT ADDED ENTRY--TOPICAL TERM (OCLC, RLIN)
9 (RLIN) 6252
Topical term or geographic name as entry element Landlord and tenant
700 ## - ADDED PERSONAL NAME
Added personal author Laurie, Ian
942 ## - ADDED ENTRY ELEMENTS (KOHA)
Source of classification or shelving scheme Dewey Decimal Classification
Holdings
Withdrawn status Lost status Damaged status Not for loan Home library Current library Shelving location Date acquired Total Checkouts Date last seen Price effective from Koha item type
        London London Journals 23/08/2019   23/08/2019 23/08/2019 Journal article